000 00570nam a2200229Ia 4500
003 OSt
005 20220918183217.0
006 a|||||r|||| 00| 0
007 ta
008 220917b |||||||| |||| 00| 0 eng d
024 _a36,789
037 _cTextual
040 _aARTS
_cARTS
_beng
041 _2eng
_aeng
082 _aO12:1C92x, 111D8
100 _aVirgil
_913886
245 0 _aWorks tr by A Hamilton Bryce
260 _c1908
650 _aENGLISH LITERATURE
942 _hO12:1C92x, 111D8
_cTEXL
_2CC
999 _c171881
_d171881